000 00751cam a2200253 a 4500
001 549
003 BR-CuiBMT
005 20231114200741.0
008 231109s2019 mgb 000 0 por d
020 _a9788545006442
040 _aBR-CuiBMT
_cBR-CuiBMT
080 _22007
_a342.9
090 _a342.9
_bC117c
100 1 0 _aCabral, Flávio Garcia
245 0 2 _aO conteúdo jurídico da eficiência administrativa /
_cFlávio Garcia Cabral ; prefácio, Emerson Gabardo.
260 _aBelo Horizonte :
_bFórum,
_c2019.
300 _a307 p. ;
_c22 cm
504 _aInclui bibliografia.
650 _aDireito administrativo
650 _aDireito público
650 _aDireito constitucional
650 _aAdministração pública
942 _2udc
_cLV
999 _c549
_d549